000 00490nam a2200169Ia 4500
005 20250319113701.0
008 231217s9999 xx 000 0 und d
020 _a9788126516414
082 _a339 MIL;1 R
100 _aMiles, David. Scott, Andrew.
245 0 _aMacroeconomics : understanding the wealth of nations
250 _a2nd ed.
260 _c2005
_bJohn Wiley & Sons
_aEngland
300 _axix, 610
650 _aMacroeconomics,understanding,wealth,nations
942 _cAA
999 _c184389
_d184389